000
00231nam a22001097a 4500
041
_a
ENG
245
_a
Seeding And Tillang ( CD -Rom )
260
_a
Delhi
_b
Kondinin Group
_c
2009
300
_a
I CD
650
_a
IDE
856
_u
CD
999
_c
2654
_d
2654